000 00438nam a22001337a 4500
003 OSt
005 20201102100113.0
008 201102b 1967 00| 0 eng d
040 _aDO-SdBNP
_bspa
_cBNPHU
245 0 0 _aInforme de la labor rendida durante su ejercicio /
_cpor la Comisión Nacional para el Desarrollo.
260 _aSanto Domingo :
_bComisión Nacional para el Desarrollo,
_c1967.
300 _a46 p. ;
_c23 cm.
942 _2ddc
_cLBS1
999 _c49005
_d49005